[Event "CFriend MZ-2004-5-00002 email"]
[Site "Chessfriend.com"]
[Date "2004.08.28"]
[Round "1"]
[White "Navarro, Bertrand"]
[Black "Buteica, Alexandru Cosmin"]
[Result "0-1"]
[WhiteElo "1799"]
[BlackElo "1775"]
[PlyCount "64"]
[EventDate "2004.??.??"]
[EventType "tourn (corr)"]
[EventRounds "6"]
[SourceTitle "Corr 2024"]
[Source "ChessBase"]
[SourceDate "2023.10.19"]
[SourceVersion "1"]
[SourceVersionDate "2023.10.19"]
[SourceQuality "1"]

1. c4 e5 2. g3 Nc6 3. Bg2 g6 4. Nc3 Bg7 5. e4 d6 6. Nge2 Nge7 7. d3 f5 8. Nd5 0-0 9. 0-0 Be6 10. Be3 Qd7 11. Qd2 Rf7 12. Nxe7+ Rxe7 13. f4 fxe4 14. Bxe4 d5 15. cxd5 Bxd5 16. f5 Bxe4 17. dxe4 Qxd2 18. Bxd2 Rd7 19. Bc3 gxf5 20. Rxf5 Nd4 21. Rf2 Rad8 22. Raf1 c5 23. b3 Rf8 24. Rxf8+ Bxf8 25. Nxd4 exd4 26. Bd2 Re7 27. Rf4 b5 28. Kf2 Re6 29. Rg4+ Kf7 30. Ke2 c4 31. bxc4 bxc4 32. Rh4 Bg7 0-1